00885nam a2200145 a 4500008004100000050001400041245008500055260000900140350000900149995014900158995014900307999001700456952013300473952013300606120416s1991 xx |||||||||||||| || u aS 585 Per00aPerspectives in world agricultureccompiled by Commonwealth Agricultural Bureaux c1991 a0.00 aMAIN LIBRARY OPEN ACCESSD0.00e720197FCBU-MAIN LIBRARY (Kitwe)H2I10.00jS 585 PerM2UAVAILABLEy013607ZMain Library Open Access Collection aMAIN LIBRARY OPEN ACCESSD0.00e720198FCBU-MAIN LIBRARY (Kitwe)H1I10.00jS 585 PerM3UAVAILABLEy013608ZMain Library Open Access Collection c81841d81841 00102lcc4070a001b001cMain Library Open Access Collectiond2023-09-12l0oS 585 Perp013607r2023-09-12t1w2023-09-12y002 00102lcc4070a001b001cMain Library Open Access Collectiond2023-09-12l0oS 585 Perp013608r2023-09-12t2w2023-09-12y002